| 000 | 00780nam a2200241Ia 4500 | ||
|---|---|---|---|
| 001 | 17325 | ||
| 003 | GE_BSU | ||
| 008 | 181216s||||||||xx |||||||||||||| ||und|| | ||
| 040 | _cGE_BSU | ||
| 080 | _a821.353.1-1 + 821.353.1-32 | ||
| 100 | _aნადირაძე,კოლაუ | ||
| 245 | _aთხზულებანი | ||
| 245 | _b[პოეზია და პროზა] | ||
| 245 | _cრედ.:კალე ბობოხიძე;მხატვ.ვ. ალიმბარაშვილი | ||
| 260 | _aთბილისი | ||
| 260 | _bსაბჭ.საქართველო | ||
| 260 | _c1958 | ||
| 300 | _a271გვ.20სმ. | ||
| 300 | _e1ფ.პორტრ. | ||
| 653 | _aპოეზია | ||
| 653 | _aპროზა | ||
| 942 | _cBK | ||
| 999 |
_c50384 _d50384 |
||